Reaching Muslims today : (Record no. 3478)
[ view plain ]
| 000 -LEADER | |
|---|---|
| fixed length control field | 00848cam a2200265 a 4500 |
| 001 - CONTROL NUMBER | |
| control field | 119926 |
| 003 - CONTROL NUMBER IDENTIFIER | |
| control field | GBCCL |
| 005 - DATE AND TIME OF LATEST TRANSACTION | |
| control field | 20241126110455.0 |
| 008 - FIXED-LENGTH DATA ELEMENTS--GENERAL INFORMATION | |
| fixed length control field | 940513q19761994paua b 000 0 eng d |
| 035 ## - SYSTEM CONTROL NUMBER | |
| System control number | (OCoLC)ocm30430116 |
| 040 ## - CATALOGING SOURCE | |
| Original cataloging agency | FYB |
| Transcribing agency | FYB |
| Modifying agency | OCLCQ |
| -- | LBB |
| 049 ## - | |
| -- | LBBK |
| -- | LBBC |
| 082 ## - DEWEY DECIMAL CLASSIFICATION NUMBER | |
| Classification number | 261.27 |
| Item number | NOR |
| 090 ## - LOCALLY ASSIGNED LC-TYPE CALL NUMBER (OCLC); LOCAL CALL NUMBER (RLIN) | |
| Classification number (OCLC) (R) ; Classification number, CALL (RLIN) (NR) | BV2625 |
| Local cutter number (OCLC) ; Book number/undivided call number, CALL (RLIN) | .R4 |
| 110 2# - MAIN ENTRY--CORPORATE NAME | |
| Corporate name or jurisdiction name as entry element | North Africa Mission. |
| 9 (RLIN) | 7017 |
| 245 10 - TITLE STATEMENT | |
| Title | Reaching Muslims today : |
| Remainder of title | a short handbook / |
| Statement of responsibility, etc. | compiled by North Africa Mission. |
| 250 ## - EDITION STATEMENT | |
| Edition statement | Indian ed |
| 260 ## - PUBLICATION, DISTRIBUTION, ETC. | |
| Place of publication, distribution, etc. | Madras : |
| Name of publisher, distributor, etc. | Evangelical literature service, |
| Date of publication, distribution, etc. | 1983. |
| 300 ## - PHYSICAL DESCRIPTION | |
| Extent | 63 p.: |
| Other physical details | ill. ; |
| Dimensions | 22 cm. |
| 504 ## - BIBLIOGRAPHY, ETC. NOTE | |
| Bibliography, etc. note | Includes bibliographical references (p. 61-63). |
| 650 #0 - SUBJECT ADDED ENTRY--TOPICAL TERM | |
| Topical term or geographic name entry element | Islam |
| General subdivision | Relations |
| -- | Christianity. |
| 9 (RLIN) | 1067 |
| 650 #0 - SUBJECT ADDED ENTRY--TOPICAL TERM | |
| Topical term or geographic name entry element | Christianity and other religions |
| General subdivision | Islam. |
| 9 (RLIN) | 1068 |
| 650 #0 - SUBJECT ADDED ENTRY--TOPICAL TERM | |
| Topical term or geographic name entry element | Missions to Muslims. |
| 9 (RLIN) | 3274 |
| 942 ## - ADDED ENTRY ELEMENTS (KOHA) | |
| Source of classification or shelving scheme | Dewey Decimal Classification |
| Koha item type | Books |
| Koha issues (borrowed), all copies | 4 |
| Withdrawn status | Lost status | Source of classification or shelving scheme | Damaged status | Not for loan | Home library | Current Library | Shelving location | Date acquired | Total checkouts | Total renewals | Full call number | Barcode | Date last seen | Date last checked out | Copy number | Price effective from | Koha item type |
|---|---|---|---|---|---|---|---|---|---|---|---|---|---|---|---|---|---|
| Dewey Decimal Classification | GRACE BIBLE COLLEGE | GRACE BIBLE COLLEGE | Ministry & Mission | 2017-11-28 | 5 | 1 | 261.27 NOR | 001946 | 2025-05-06 | 2025-03-10 | c.1 | 2017-11-28 | Books |